|
|
|
|
| LEADER |
00000nam a2200000 a 4500 |
| 001 |
vtls001107465 |
| 003 |
SK-MaSNL |
| 005 |
20260413122156.0 |
| 008 |
250414s1979 xo 0 slo |
| 015 |
|
|
|a SNBA1980
|
| 035 |
|
|
|a SNK000050307
|
| 040 |
|
|
|a SNK
|b slo
|c SNK
|e AACR2
|
| 041 |
0 |
|
|a slo
|
| 044 |
|
|
|a xo
|c SK
|
| 080 |
|
|
|a 830-3
|2 1981
|
| 100 |
1 |
|
|a Otto, Herbert
|4 aut
|9 299968
|
| 245 |
1 |
0 |
|a Čas bocianov
|c Herbert Otto ; Ivan Krenčey, Dušan Junek
|
| 250 |
|
|
|a 1. vyd.
|
| 260 |
|
|
|a Košice
|b Východoslovenské vydavateľstvo
|c 1979
|e Košice
|f Východoslovenské tlačiarne
|
| 300 |
|
|
|a 207 s., 12,23 AH
|c 20 cm
|
| 366 |
|
|
|e 5000 výtl.
|
| 500 |
|
|
|a Ilustr. na tit. liste a front. Brož. 14,20 Kčs.
|
| 700 |
1 |
|
|a Krenčey, Ivan
|4 trl
|9 5529
|
| 700 |
1 |
|
|a Junek, Dušan,
|d 1943-
|4 bkd
|9 212329
|
| 852 |
|
|
|a Slovenská národná knižnica
|
| 954 |
|
|
|a novely o láske
|a novely románové
|a literatúra NDR
|
| 954 |
|
|
|a láska
|a etika lásky
|
| 958 |
|
|
|a OND
|
| 958 |
|
|
|a LX
|
| 958 |
|
|
|a TL
|
| 958 |
|
|
|a UP
|
| 999 |
|
|
|c 879607
|d 881537
|
| 952 |
|
|
|a SNK
|b SNK
|y PREZ
|7 0
|p 17A0820129
|o snkSC 47752
|0 0
|1 0
|4 0
|d 2012-07-31
|l 0
|r 2025-10-29 00:00:00
|w 2026-02-24
|
| 952 |
|
|
|a SNK
|b SNK
|y VYP
|7 0
|p 17A0493686
|o snkSC 47752 D1
|i snkKSP 6764/79
|0 0
|1 0
|4 0
|d 2006-01-03
|l 0
|r 2026-02-24 06:11:59
|w 2026-02-24
|